Reservas de la biosfera y otras áreas naturales protegidas de México. (Registro nro. 802)
[ vista simple ]
| 000 -CABECERA | |
|---|---|
| Campo de control | 01160cam a2200265 a 4500 |
| 005 - FECHA Y HORA DE LA ULTIMA TRANSACCION | |
| Campo de control | 20160418095712.0 |
| 008 - ELEMENTOS DE LONGITUD FIJA—INFORMACION GENERAL | |
| Campo de control | 970613s1995 mx ab b f000 0 spa d |
| 020 ## - ISBN | |
| ISBN | 9688173339 |
| 040 ## - FUENTE DE CATALOGACIÓN | |
| Agencia catalogadora original | FUG |
| Agencia transcriptora | FUG |
| Agencia Modificadora | DLC |
| -- | CO-BoIAVH |
| 041 0# - IDIOMA | |
| Código de idioma para texto/pista de sonido o título separado | Español |
| 044 ## - PAÍS DE PUBLICACIÓN | |
| País de publicación | México |
| 082 00 - NUMERO DE CLASIFICACION DECIMAL DEWEY | |
| Número de clasificación | 333.782 |
| Número del ítem | R43b |
| 245 00 - MENCION DE TITULO | |
| Título | Reservas de la biosfera y otras áreas naturales protegidas de México. |
| 250 ## - MENCION DE EDICION | |
| Mención de edición | Primera edición |
| 260 ## - PUBLICACION, DISTRIBUCION, ETC. (PIE DE IMPRENTA) | |
| Lugar de publicación, distribución, etc. | México : |
| Nombre del editor, distribuidor, etc. | Secretaría de Medio Ambiente, Recursos Naturales y Pesca : |
| -- | Instituto Nacional de Ecología : |
| -- | Comisión Nacional para el Conocimiento y Uso de la Biodiversidad, |
| Fecha de publicación, distribución, etc. | 1995. |
| 300 ## - DESCRIPCION FISICA | |
| Extensión | 159 páginas : |
| Otros detalles físicos | ilustraciones a color y mapas a color ; |
| Dimensiones | 43 x 28 centímetros |
| 500 ## - NOTA GENERAL | |
| Nota general | Incluye índices. |
| 504 ## - NOTA DE BIBLIOGRAFIA, ETC. | |
| Nota de bibliografía | Incluye referencias bibliográficas. |
| 650 #6 - ASIENTO SECUNDARIO DE MATERIA - TERMINO TEMATICO | |
| Término temático o nombre geográfico como elemento de entrada | Reservas Naturales |
| Subdivisión geográfica | México. |
| 9 (RLIN) | 65579 |
| 650 #6 - ASIENTO SECUNDARIO DE MATERIA - TERMINO TEMATICO | |
| Término temático o nombre geográfico como elemento de entrada | Áreas protegidas |
| Subdivisión geográfica | México. |
| 9 (RLIN) | 65580 |
| 710 1# - ASIENTO SECUNDARIO - NOMBRE CORPORATIVO | |
| Nombre corporativo o de jurisdicción como elemento de entrada | México. |
| Unidad subordinada | , Secretaría de Medio Ambiente, Recursos Naturales y Pesca. |
| 9 (RLIN) | 65581 |
| 710 2# - ASIENTO SECUNDARIO - NOMBRE CORPORATIVO | |
| Nombre corporativo o de jurisdicción como elemento de entrada | Instituto Nacional de Ecología (México) |
| 9 (RLIN) | 65582 |
| 710 1# - ASIENTO SECUNDARIO - NOMBRE CORPORATIVO | |
| Nombre corporativo o de jurisdicción como elemento de entrada | México. |
| Unidad subordinada | , Comisión Nacional para el Conocimiento y Uso de la Biodiversidad. |
| 9 (RLIN) | 65583 |
| 942 ## - ELEMENTOS ADICIONALES (KOHA) | |
| Sistema de clasificación | Dewey Decimal Classification |
| Tipo de ítem | Libro |
| Withdrawn status | Lost status | Sistema de Clasificación | Damaged status | No para préstamo | Colección | Inventariado | Ubicación Permanente | Ubicación actual | Fecha de adquisición | Fuente de Valor | Valor | Total Checkouts | Número topográfico | Inventario / Código de Barras | Date last seen | Ejemplar | Price effective from | Forma de adquisición | Tipo de material |
|---|---|---|---|---|---|---|---|---|---|---|---|---|---|---|---|---|---|---|---|
| Dewey Decimal Classification | General | Inventariado 2017 | Bogotá | Bogotá | 09/08/1998 | Instituto | 39000.00 | LB-333.782 R43b | 003576 | 04/12/2012 | Ej.1 | 04/12/2012 | Libro |